| 000 | 01430nam a2200373 a 4500 | ||
|---|---|---|---|
| 001 | 000115111 | ||
| 003 | CHAP | ||
| 005 | 20220329144516.0 | ||
| 008 | 181010s2018 mx a sm |||||||spa d | ||
| 010 | _a111572 | ||
| 011 | _a112544 | ||
| 040 | _cCHAP | ||
| 090 | _aTesis | ||
| 100 | 1 |
_aAranza Hortencia, Navarrete Torres. _9135931 |
|
| 245 | 1 | 0 |
_aTecnificación de riego en la Unidad El Bolito; ejidos de San Pedro y Santa Úrsula, Texcoco / _h[En línea] _cpor Aranza Hortencia Navarrete Torres. |
| 260 |
_aChapingo, Méx. : _bEl autor, _c2018. |
||
| 500 | _aPara ver el contenido del material haga clic en la liga | ||
| 502 | _aTesis (Ing. en Irrigación) -- UACH. Departamento de Irrigación | ||
| 590 |
_aBATCH-UPD _b10 _c20190604 _lUCH01 _h1348 |
||
| 590 |
_aE11695DGD _b10 _c20190604 _lUCH01 _h1347 |
||
| 590 |
_aE8697GMM _b05 _c20181010 _lUCH01 _h0957 |
||
| 590 |
_aE8697GMM _b05 _c20181010 _lUCH01 _h0959 |
||
| 590 |
_aE8697GMM _b05 _c20181010 _lUCH01 _h1422 |
||
| 590 |
_aE8697GMM _b05 _c20181130 _lUCH01 _h1341 |
||
| 590 |
_aE8697GMM _b05 _c20190516 _lUCH01 _h1507 |
||
| 650 | 1 | 4 |
_aIrrigación _xProyectos _xMéxico (Edo.) _960461 |
| 650 | 1 | 4 |
_aRed de riego _xDiseño y construcción. _9133313 |
| 650 | 1 | 4 |
_aSistemas de riego _xCostos. _9133718 |
| 650 | 1 | 4 |
_aSistemas de riego _xDiseño. _9130593 |
| 856 |
_aFinding aid _uhttp://10.13.5.2/tesis/sist115111.pdf _zTeclea aquí |
||
| 901 | _aBK | ||
| 942 | _cTESIS | ||
| 942 | _n0 | ||
| 999 |
_c111572 _d111572 |
||